000 00938nam a22003017a 4500
001 BR2014007399
003 BR-BrBNA
005 20230928104536.0
007 ta
008 230509b bl.||||| |||| 00| 0 por d
040 _aBR-BrBNA
_bpor
_cBiblioteca Nacional de Agricultura
041 _a(Por)
072 _aU10; L20; L52
_b6100
090 _ 6100 BR2014007399
100 1 _aAbreu, L.H.P.
110 1 _aUniversidade Federal de Lavras, MG (Brasil)
_0Tese (Mestrado)
245 1 _aModelagem fuzzy do desempenho de frangos de corte criados de 1 a 21 dias, submetidos a estresse térmico
260 3 _aLavras, MG (Brasil):
_c2014.
300 _a59 p.
500 _aSummaries (Eng, Por); Several bibliography; 6 illus.; 5 tables
650 _aFRANGO DE CORTE
650 _aPERFORMANCE
650 _aSTRESS
650 _aTEMPERATURA
650 _aMODELO MATEMÁTICO
909 _a202309
_bLucia
_c55
_dLucia Elande
942 _cBK
999 _c80486
_d80486